MARC

LEADER 00000nam0a2200000 4500
001 276793
005 20231101234944.0
035 |a (RuTPU)RU\TPU\book\300066 
035 |a RU\TPU\book\300063 
090 |a 276793 
100 |a 20141126d1985 k y0rusy5003 ca 
101 0 |a rus 
102 |a RU 
105 |a a z 001zy 
200 1 |a Вопросы системного анализа-синтеза в теории и практике прогнозирования и поисков скоплений нефти и газа  |e сборник научных трудов  |f Московский институт нефтехимической и газовой промышленности им. И. М. Губкина (МИНХиГП) ; под ред. А. А. Бакирова 
210 |a Москва  |c Изд-во МИНХИГП  |d 1985 
215 |a 103 с.  |c ил. 
225 1 |a Труды Московского института нефтехимической и газовой промышленности им. И. М. Губкина  |v Вып. 189 
320 |a Библиогр. в конце статей 
606 1 |a Нефтегазоносность  |x Поиски и разведка  |2 stltpush  |3 (RuTPU)RU\TPU\subj\45612  |9 64805 
610 1 |a горные породы 
610 1 |a Прикаспийская синеклиза 
610 1 |a галогенные формации 
610 1 |a исследование 
610 1 |a геологические данные 
610 1 |a геофизические разрезы 
610 1 |a прогнозирование 
675 |a 553.98:550.8  |z rus  |v 4 
702 1 |a Бакиров  |b А. А.  |4 340 
712 0 2 |a Московский институт нефтехимической и газовой промышленности им. И. М. Губкина (МИНХиГП)  |c (1958-1991)  |2 stltpush  |3 (RuTPU)RU\TPU\col\5781 
801 0 |a RU  |b RuMRKP  |c 19950704  |g psbo 
801 1 |a RU  |b 63413507  |c 20061019  |g PSBO 
801 2 |a RU  |b 63413507  |c 20171218  |g PSBO 
942 |c BK